Truyện Kiều và văn hoá tình nghĩa Việt Nam /

Kaydedildi:
Detaylı Bibliyografya
Yazar: Lê Đình Kỵ, GS.
Materyal Türü: Makale
Dil:Vietnamese
Konular:
Etiketler: Etiketle
Etiket eklenmemiş, İlk siz ekleyin!
Thư viện lưu trữ: Thư viện Trường Đại học Đà Lạt
LEADER 00768nam a2200265 4500
001 DLU090074122
005 ##20090523
040 # # |a DLU  |b vie 
041 # # |a vie 
044 # # |a vn 
100 # # |a Lê Đình Kỵ,   |c GS. 
245 # # |a Truyện Kiều và văn hoá tình nghĩa Việt Nam /  |c Lê Đình Kỵ. 
653 # # |a Chủ nghĩa nhân đạo  
653 # # |a Nguyễn Du. 1766-1820  
653 # # |a Truyện Kiều  
773 # # |t Tạp chí văn học  |g Số 8, 1998, tr.7-10 
920 # # |a Phòng Tạp chí -- Trung tâm Thông tin - Thư viện Trường Đại học Đà Lạt 
994 # # |a DLU 
900 # # |a True 
911 # # |a Nguyễn Thị Linh Chi 
925 # # |a G 
926 # # |a A 
927 # # |a BB 
980 # # |a Thư viện Trường Đại học Đà Lạt